Antiguo Oriente

Antiguo Oriente (abbreviated as AntOr) is the annual, blind peer-reviewed, scholarly journal published by the Center of Studies of Ancient Near Eastern History (CEHAO). The journal publishes original manuscripts related to the history of societies of the Near East and the Eastern Mediterranean from...

Full description

Saved in:

Format: Journal

Language: Undetermined

Online Access: Login to view Source

Tags: Add Tag

No Tags, Be the first to tag this record!

Call Number:

LEADER 00976nas a2200193Ia 4500
005 20250602143002.0
008 250601c99999999xx |||||||||||| ||und||
022 |a 1667-9202 
245 0 0 |a Antiguo Oriente 
336 |2 rdacontent  |a text  |b txt 
337 |2 rdamedia  |a unmediated  |b n 
338 |2 rdacarrier  |a volume  |b n 
362 0 |a 2021 
500 |a ARCHJOURNALS 
500 |a Subscription access from Vol 20, earlier issues will be Open Access 
520 |a Antiguo Oriente (abbreviated as AntOr) is the annual, blind peer-reviewed, scholarly journal published by the Center of Studies of Ancient Near Eastern History (CEHAO). The journal publishes original manuscripts related to the history of societies of the Near East and the Eastern Mediterranean from the Paleolithic to the Ottoman period. Antiguo Oriente publishes articles and book reviews in Spanish, English and French. 
856 4 |u https://library.arce.org:8083/ojs/index.php/AntOr/ 
942 |c EJL  |2 lcc 
999 |c 60959  |d 60959